| 000 | nam a22 a 4500 | ||
|---|---|---|---|
| 999 |
_c1605 _d1605 |
||
| 005 | 20170511102413.0 | ||
| 008 | 170511s2011 mauab b 001 0 eng d | ||
| 020 |
_a 9780205798551 (pbk.) _c£29.99 |
||
| 020 |
_a0205798551 (pbk.) : _c£29.99 |
||
| 040 | _aAKMAL | ||
| 082 | _a327.10904 NYE | ||
| 090 |
_a327.10904 _bNYE |
||
| 100 | 1 |
_aNye, Joseph S. _93262 |
|
| 245 | 1 | 0 |
_aUnderstanding global conflict and cooperation _ban introduction to theory and history _cJoesph S. Nye and David A. Welch. |
| 250 | _a8th ed. | ||
| 260 |
_aBoston London _b Longman, _c2011. |
||
| 300 |
_axiv, 338 p. _bill., maps. _c 23 cm |
||
| 500 | _aPrevious ed.: published as Understanding international conflicts. New York; London: Pearson Longman, 2009. | ||
| 504 | _aIncludes bibliographical references and index. | ||
| 599 | _aDALAM PROSES | ||
| 650 | 0 |
_aInternational relations. _9282 |
|
| 700 | 1 |
_aWelch, David A. _93263 |
|
| 700 | 1 |
_aNye, Joseph S. _93264 |
|
| 852 | 4 | 1 |
_aBritish Library _bHMNTS |
| 942 |
_2ddc _cBOOK |
||